Daily Quiz #20 - Statistics

General Stats
  • This quiz has been taken 29 times
  • The average score is 3 of 5
Answer Stats
Hint Answer % Correct
What South American country is known for being very long and very thin? Chile
93%
What is the capital of Greece and is known as the birthplace of democracy? Athens
89%
In what decade did the Titanic sink? 1910s
78%
Who was president during world war 1? Woodrow wilson
63%
Which point guard led the New York Knicks it the Eastern Conference Finals in the 2025 NBA playoffs? Jalen Brunson
22%
No matching quizzes found
Score Distribution
Percent of People with Each Score
Percentile by Number Answered
Your Score History
You have not taken this quiz